MARC

LEADER 00000nam0a2200000 4500
001 50884
005 20231031033752.0
035 |a (RuTPU)RU\TPU\book\53272 
090 |a 50884 
100 |a 20030422d1982 k y0rusy50 ca 
101 0 |a rus 
102 |a RU 
105 |a a z 001zy 
200 1 |a Смешивающие подогреватели паровых турбин  |f В. Ф. Ермолов, В. А. Пермяков, Г. И. Ефимочкин, В. Л. Вербицкий 
210 |a Москва  |c Энергоиздат  |d 1982 
215 |a 207 с.  |c ил. 
320 |a Библиогр.: с. 201-205 
610 1 |a паровые турбины 
610 1 |a смешивающие подогреватели 
610 1 |a системы регенерации 
610 1 |a электростанции 
610 1 |a паротурбинные установки 
675 |a 621.165  |v 3 
701 1 |a Ермолов  |b В. Ф.  |g Виктор федорович 
701 1 |a Пермяков  |b В. А.  |g Владимир Андреевич 
701 1 |a Ефимочкин  |b Г. И.  |g Геннадий Иванович 
701 1 |a Вербицкий  |b В. Л.  |g Валерий Львович 
801 1 |a RU  |b 63413507  |c 20030422  |g PSBO 
801 2 |a RU  |b 63413507  |c 20111114  |g PSBO 
942 |c BK